| 000 | 01082cab a22002295a 4500 | ||
|---|---|---|---|
| 001 | L158998 | ||
| 008 | 151130e2015 xxk 000 0 eng d | ||
| 035 | _a(Sirsi) u158998 | ||
| 041 | 0 | _aeng | |
| 100 | 1 | _aFerrari, Ed | |
| 245 | 0 | 4 | _aThe social value of housing in straitened times: The view from England |
| 260 | _c2015 | ||
| 490 |
_aHousing Studies _v30(4) June 2015, 514-534(21) |
||
| 520 | _aProvides a commentary on the housing crisis in England linked to broader questions of the role of housing in capitalist economies and societies. Discusses crisis, market volatility, rates of new supply, and affordability. Looks at policy responses to the crisis such as the role of the private rented sector, the sell-off of expensive public housing to fund affordable housing. Concludes that public policymakers need to recognise housing as a social and economic asset.20 | ||
| 650 | 2 | 4 | _aPRIVATE RENTED SECTOR |
| 650 | 2 | 4 | _aHOUSING |
| 650 | 2 | 4 | _aAFFORDABILITY |
| 650 | 2 | 4 | _aVOLATILITY |
| 651 | 4 |
_aUnited Kingdom _y |
|
| 690 |
_aResidential property _96266 |
||
| 942 | _n0 | ||
| 999 |
_c84761 _d84761 |
||